Η αρχαία βιβλιοθήκη της Αλεξάνδρειας : η ζωή και η μοίρα της
Αποθηκεύτηκε σε:
| Κύριος συγγραφέας: | |
|---|---|
| Άλλοι συγγραφείς: | |
| Μορφή: | Βιβλίο |
| Γλώσσα: | Greek English |
| Δημοσίευση: |
Αθήνα :
Σμίλη,
1998.
|
| Θέματα: | |
| Ετικέτες: |
Προσθήκη ετικέτας
Δεν υπάρχουν, Καταχωρήστε ετικέτα πρώτοι!
|
MARC
| LEADER | 00000cam a2200000 i 4500 | ||
|---|---|---|---|
| 001 | 1/24798 | ||
| 008 | 990112s1998####gr | ||| |||| ||gre|| | ||
| 020 | |a 9607793013 | ||
| 035 | |l 10067949 | ||
| 040 | |a GR-MyUA |b gre |e AACR2 | ||
| 041 | 1 | |a gre |h eng | |
| 082 | 0 | |a 027.032 |2 (21) | |
| 100 | 1 | |a El-Abbadi, Mostafa. | |
| 245 | 1 | 2 | |a Η αρχαία βιβλιοθήκη της Αλεξάνδρειας : |b η ζωή και η μοίρα της / |c Μουσταφά Ελ Αμπάντι ; μετάφραση Λένα Κασίμη. |
| 260 | |a Αθήνα : |b Σμίλη, |c 1998. | ||
| 300 | |a 262 σ. : |b εικ. ; |c 21 εκ. | ||
| 500 | |a Τίτλος πρωτοτύπου: The life and fate of the ancient library of Alexandria. | ||
| 504 | |a Περιλαμβάνει βιβλιογραφία: (σ.[244]-248) και ευρετήριο. | ||
| 610 | 2 | 0 | |a Alexandrian Library. |
| 650 | 0 | 0 | |a Libraries |z Egypt |z Alexandria |x History |y To 400. |
| 700 | 1 | |a Κασίμη, Λένα, |e trlf | |
| 852 | |a INST |b LESVOS |e 20020610 |h 027.032 ELA |p 005100025225 |q 005100025225 |t BK |y 0 | ||
| 852 | |a INST |b SAMOS |e 19990112 |h 027.032 ELA |p 005300013595 |q 005300013595 |t BK |y 0 | ||
| 852 | |a INST |b SYROS |e 20041217 |h 027.032 ELA |p 005500004211 |q 005500004211 |t BK |y 0 | ||
| 901 | |a BIBL5-2004-3 | ||
| 901 | |a BIBL-1999-1 | ||
| 909 | |a Ε |b 111704 | ||
| 909 | |a Σ |b 060600 | ||
| 909 | |a Λ |b 102193 | ||
| 920 | |a ΔΙΕΥΡΥΝΣΗ |b ΕΠΕΑΕΚ-ΤΜΣΠΣ |y Σύρος |z 2004-10 | ||
| 922 | |a 3ΕΛΗ |b 199812 |c ΒΙΒΛΙΟΘΗΚΗ |d ΧΑΡΤΣΑΣ | ||
| 922 | |a 1ΕΛΗ |b 200205 |c ΤΚΑ/ΚΕΒ |d ΠΑΠΑΣΩΤΗΡΙΟΥ | ||
| 950 | |a 023-2002-03-27 | ||
| 970 | |a ΚΟΝΤΟΥ |b ΠΑΡΑΣΚΕΥΗ |z 2004/12/17 | ||